[Event "THA-chT"]
[Site "Bangkok"]
[Date "2015.12.06"]
[Round "6.1"]
[White "Phumphuang, Natthaphat"]
[Black "Singhsilarak, Tisadee"]
[Result "0-1"]
[WhiteElo "1499"]
[BlackElo "1871"]
[PlyCount "122"]
[EventDate "2015.12.04"]
[EventType "team-swiss"]
[EventRounds "9"]
[EventCountry "THA"]
[SourceTitle "CBM 170 Extra"]
[Source "ChessBase"]
[SourceDate "2016.02.25"]
[SourceVersion "1"]
[SourceVersionDate "2016.02.25"]
[SourceQuality "1"]
[WhiteTeam "Strong Team"]
[BlackTeam "East Bangapi"]
[WhiteTeamCountry "THA"]
[BlackTeamCountry "THA"]

1. e4 g6 2. g3 Bg7 3. Bg2 d6 4. Nf3 Nf6 5. 0-0 0-0 6. d3 e5 7. Bg5 Bg4 8. Nbd2 Qd7 9. Re1 Nc6 10. c3 Nh5 11. Be3 f5 12. exf5 Bxf5 13. Qc2 Rae8 14. Nh4 Be6 15. Rac1 Nf6 16. f3 Nd5 17. Bh1 Nxe3 18. Rxe3 Ne7 19. Rce1 Bd5 20. Rf1 Qc6 21. Ne4 Qb6 22. Qf2 Nf5 23. Ree1 Nxh4 24. gxh4 Rf4 25. Kg2 Qxf2+ 26. Rxf2 Ref8 27. Kg3 h6 28. b3 R8f7 29. Kh3 Bf8 30. Rg1 Kh7 31. Kg2 Be7 32. Kf1 Bxh4 33. Rd2 Bxe4 34. dxe4 Rxe4 35. Re2 Rxe2 36. Kxe2 Bg5 37. Rd1 b6 38. Rd5 a5 39. a4 Bf4 40. h3 Rf8 41. c4 Kg7 42. Bg2 Kf6 43. h4 g5 44. h5 Bh2 45. Bh3 Bg1 46. Bg4 Bd4 47. Bd7 Ke7 48. Bc6 Rf4 49. Rb5 Rh4 50. b4 axb4 51. Rxb4 Rxh5 52. Rb5 Rh2+ 53. Kd3 Ra2 54. Rb1 h5 55. Rh1 h4 56. f4 gxf4 57. Rxh4 Kf6 58. Rh7 Ra3+ 59. Kd2 f3 60. Rh3 Ra2+ 61. Ke1 f2+ 0-1